• 首页
  • 本馆介绍
  • 公告通知
  • 最新文献
  • 馆藏检索
  • 电子资源
  • 读者导购
  • 参考咨询
  • 我的图书馆
  • 登录
  • 详细信息显示
  • 放入我的书架
  • 预约/预借图书
  • 作者相关作品
  • 分类相关作品
  • 丛书相关作品
  • 出版社相关作品

书目信息

  • 表格格式
  • 工作单格式
  • 卡片格式
题名:
人事组织心理学
    
 
作者: 王新超 , 吴岩 著
分册:  
出版信息: 北京   人民教育出版社  2000
页数: 294页
开本: 21cm
丛书名: 应用心理学书系
单 册:
中图分类: D035.2 , C936
科图分类:
主题词: 人事心理学--组织心理学 , 组织心理学 , 人事心理学 , 管理组织学
电子资源:
ISBN: 7-107-14063-9
000 01003nam0 2200325 450
000 00960nam0 2200301 450
000 00891nam0 2200277 450
000 00855nam0 2200265 45
005 20070727085548.29
010    @a7-107-14063-9@dCNY18.90
100    @a20070707d2000 em y0chiy0120 ea
101 0  @achi
102    @aCN@b110000
105    @ay z 000yy
200 1  @a人事组织心理学@ARen Shi Zu Zhi Xin Li Xue@f王新超,吴岩著@FWang Xin Chao, Wu Yan Zhu
210    @a北京@c人民教育出版社@d2000
215    @a294页@d21cm
225 2  @a应用心理学书系
330    @a本书共分九章,主要包括:人事组织心理学概述、人事测量、人员的选拔、职业发展、工作合理化等内容。
410  0 @12001 @a应用心理学书系
606 0  @a人事心理学@x组织心理学
606 0  @a组织心理学
606 0  @a人事心理学
606 0  @a管理组织学
690    @aD035.2@v4
690    @aC936@v3
701  0 @a王新超@AWang Xin Chao@4著
701  0 @a吴岩@AWu Yan@4著
801  0 @aCN@bTAOJIN@c20070727
905    @a10447@dC936@e385
    
    人事组织心理学/王新超,吴岩著.-北京:人民教育出版社,2000
    294页;21cm.-(应用心理学书系)
    
    
    ISBN 7-107-14063-9:CNY18.90
    本书共分九章,主要包括:人事组织心理学概述、人事测量、人员的选拔、职业发展、工作合理化等内容。
●
相关链接 在E读中查询图书 在五车中查询图书 在当当中查询图书 在豆瓣中查询图书


正题名:人事组织心理学     索取号:C936/385         预约/预借

序号 登录号 条形码 馆藏地/架位号 状态 备注
1 0820290   208202906   第一样本阅览室/ [索取号:C936/385] 在馆    
2 0820291   208202915   第一借阅区/ [索取号:C936/385] 在馆    
3 0820292   208202924   第一借阅区/ [索取号:C936/385] 在馆    
4 0820293   208202933   第一借阅区/ [索取号:C936/385] 在馆    
5 0820294   208202942   第一借阅区/ [索取号:C936/385] 在馆    
唐山师范学院图书馆 欢迎您!
大连网信软件有限公司© 版权所有